Undang-undang kecil Bangunan Seragam, 1984 (P.W. 5178/85) : (hingga 10hb Februari 1992)

Bibliographic Details
Corporate Author: Malaysia
Format: Book
Published: Kuala Lumpur : International Law Book Services , 1992
Subjects:

MARC

LEADER 00000cam a2200000 7i4500
001 0000008587
005 20230825.0
020 |a 967890313X 
090 0 0 |a KQB14.   |b B359 2001 
110 1 |a Malaysia 
245 1 0 |a Undang-undang kecil Bangunan Seragam, 1984 (P.W. 5178/85) :   |b (hingga 10hb Februari 1992)   |c disusun oleh Lembaga Penyelidikan Undang-undang 
260 |a Kuala Lumpur :   |b International Law Book Services ,   |c 1992 
300 |a 189 ms. ;   |c 24 cm. 
650 0 |a Building laws   |z Malaysia 
999 |a 0000005656   |b BOOK   |c Acts   |e Default branch